Technická normalizácia v oblasti tuhých biopalív a tuhých alternatívnych palív
Normalizačná práca v oblasti tuhých biopalív v európskej technickej komisii CEN/TC 335 Tuhé biopalivá. Situácia na svetovom trhu biopalív. Legislatívne faktory. Ciele CEN/TC 335 a stratégia na ich dosiahnutie. Technické špecifikácie prevzaté do sústavy STN. Návrhy európskych noriem pripravené na ver...
Enregistré dans:
| Auteur principal: | |
|---|---|
| Format: | Chapitre de livre |
| Langue: | slovaque |
| Sujets: | |
| Tags: |
Pas de tags, Soyez le premier à ajouter un tag!
|
MARC
| LEADER | 00000naa$a2200000$$$4500 | ||
|---|---|---|---|
| 001 | 0116178 | ||
| 005 | 20230511071822.7 | ||
| 041 | 0 | |a slo | |
| 044 | |a SK | ||
| 245 | 1 | 0 | |a Technická normalizácia v oblasti tuhých biopalív a tuhých alternatívnych palív |c Eva Marsová |
| 520 | |a Normalizačná práca v oblasti tuhých biopalív v európskej technickej komisii CEN/TC 335 Tuhé biopalivá. Situácia na svetovom trhu biopalív. Legislatívne faktory. Ciele CEN/TC 335 a stratégia na ich dosiahnutie. Technické špecifikácie prevzaté do sústavy STN. Návrhy európskych noriem pripravené na verejné prerokovanie. CEN/TC 343 Tuhé alternatívne palivá. Smernice ES platné v tejto oblasti. Prospech z práce CEN/TC 343. Ciele definované CEN/TC 343. | ||
| 610 | 2 | 0 | |a normalizácia technická |
| 610 | 2 | 0 | |a normy technické |
| 610 | 2 | 0 | |a palivá pevné |
| 610 | 2 | 0 | |a energetika |
| 610 | 2 | 0 | |a zdroje energetické |
| 610 | 2 | 0 | |a zdroje energie obnoviteľné |
| 610 | 2 | 0 | |a biomasa |
| 610 | 2 | 0 | |a bioenergetika |
| 610 | 2 | 0 | |a ochrana prostredia životného |
| 610 | 2 | 0 | |a odpad |
| 100 | 1 | |a Marsová, Eva | |